Football Teams by Stadium Name #2 - Statistics

General Stats
  • This quiz has been taken 63 times
    23 since last reset
  • The average score is 8 of 12
Answer Stats
Stadium Football Club(s) % Correct
San Siro (Giuseppe Meazza) AC Milan, Inter FC
95%
Johan Cruijff ArenA Ajax
95%
Old Trafford Manchester United
95%
Parc des Princes PSG
91%
Red Bull Arena (Germany) RB Leipzig
91%
St. James’ Park Newcastle United
82%
San Mamés Barria Athletic
59%
Estádio Mineirão Cruzeiro EC
55%
Estadio de la Cerámica Villarreal CF
50%
Estadio Azteca Club América
41%
St. Jakob-Park FC Basel
41%
NSK Olimpiyskiy Dynamo Kiev
23%
No matching quizzes found
Score Distribution
Percent of People with Each Score
Percentile by Number Answered
Your Score History
You have not taken this quiz since the last reset